Literacy, jobs, and industrialization : the nineteenth century

Bibliographic Details
Published in:Literacy and social development in the West, ed. by Harvey J. Graff, Cambridge, 1981, P. 232-260 (Cambridge studies in oral and literate culture)
Main Author: Graff, Harvey J.
Content type: Article
Published: 1981
Source:MPIPL_cat

MARC

LEADER 00000naa a2200000 u 4500
001 PL0051219
003 PLI01000000000000000050969
005 00000000000000.0
008 ||| u
100 1 |a Graff, Harvey J. 
245 0 0 |a Literacy, jobs, and industrialization  |b the nineteenth century  |c Harvey J. Graff 
260 |c 1981 
773 0 8 |t Literacy and social development in the West  |a ed. by Harvey J. Graff  |d Cambridge, 1981  |g P. 232-260  |k Cambridge studies in oral and literate culture  |w MPIPL_cat.PL0051207  |z 0-521-23954-0  |i In: 
952 |j 1981  |h P. 232-260 
996 |a Aufsatz 
997 |a book chapter